| 000 | 00628nam a2200181Ia 4500 | ||
|---|---|---|---|
| 003 | GCL | ||
| 008 | 140319s9999 xx 000 0 ara d | ||
| 040 |
_aGCL / _cGCL |
||
| 082 | 0 | 4 |
_a693.5 _bى غ |
| 100 | 1 | _aيوسف عجاج | |
| 245 | 1 | 0 |
_aالعناصر الخرسانية المسلحة المعرضة للقوى اللامركزية / _cيوسف عجاج |
| 260 |
_a[S.N] : _bدار الراتب الجامعية |
||
| 300 | _a143 ص | ||
| 490 |
_aسلسلة مذكرات الخرسانة المسلحة _v0 |
||
| 650 | 0 | 4 | _aالهندسة المدنية |
| 650 | 0 | 4 | _aالخرسانة المسلحة |
| 942 |
_2ddc _cBK |
||
| 999 |
_c36475 _d36475 |
||